Arts and handicrafts of Vietnam.

This book is published with the aim of introducing readers to the main features, origins and historical development of the arts and handicrafts of Vietnam, together with some current issues.

Na minha lista:
Detalhes bibliográficos
Formato: Livro
Idioma:English
Publicado em: Hà Nội : Thế giới, 1992.
Assuntos:
Tags: Adicionar Tag
Sem tags, seja o primeiro a adicionar uma tag!
Thư viện lưu trữ: Mạng thư viện Đại học Đà Nẵng
LEADER 00944cam a2200325 i 4500
001 000046991
003 6510
005 20030916101524.0
008 010220b1992 vm 000 eng
022 |a T 
040 |a IRC  |c IRC  |d IRC 
041 0 |a eng 
082 1 4 |a 745  |b Ar-H 
245 0 0 |a Arts and handicrafts of Vietnam. 
260 |a Hà Nội :  |b Thế giới,  |c 1992. 
300 |a 84p. ;  |c 25.5cm. 
520 3 |a This book is published with the aim of introducing readers to the main features, origins and historical development of the arts and handicrafts of Vietnam, together with some current issues. 
630 0 4 |a Arts. 
630 0 4 |a Handicrafts. 
650 0 4 |a Arts and handicrafts  |z Vietnam. 
OWN |a DUT 
999 |a From the UDN01 
TYP |a Monograph 
TYP |a Printed language 
980 |a Mạng thư viện Đại học Đà Nẵng